Pays colonisés par les vikings - Statistiques

Statistiques générales
  • Ce quiz a été pris 30 872 fois
  • Le résultat moyen est 16 sur 20
Statistiques - réponses
Date Pays % Correct
900-1000 France
98%
avant 800 Norvège
97%
avant 800 Suède
97%
800-900 Royaume-Uni
96%
avant 800 Danemark
95%
800-900 Russie
95%
avant 800 Finlande (Åland)
94%
avant 800 Allemagne
93%
800-900 Islande
91%
800-900 Irlande
88%
800-900 Pologne
87%
avant 800 Estonie
85%
800-900 Lettonie
84%
800-900 Lituanie
84%
1000- Italie
74%
1000- Canada
72%
900-1000 Biélorussie
68%
900-1000 Ukraine
68%
1000- Turquie / Bulgarie
55%
1000- Malte
28%
Aucun quiz correspondant
Distribution des résultats
% des personnes avec chaque résultat
Percentile par nombre de réponses
Votre historique - résultats
Vous n’avez pas pris ce quiz